Làm kinh doanh ở Châu á

Đã lưu trong:
Bibliografiske detaljer
Hovedforfatter: Sanjyol P Dunung
Format: Bog
Sprog:Undetermined
Udgivet: Tp. HCM Nxb. Tp. HCM 1997
Fag:
Tags: Tilføj Tag
Ingen Tags, Vær først til at tagge denne postø!
Thư viện lưu trữ: Trung tâm Học liệu Trường Đại học Cần Thơ
LEADER 00580nam a2200169Ia 4500
001 CTU_35312
008 210402s9999 xx 000 0 und d
082 |a 330.95 
082 |b D928 
100 |a Sanjyol P Dunung 
245 0 |a Làm kinh doanh ở Châu á 
245 0 |c Sanjyol P Dunung; Dịch giả: Mai Tâm 
260 |a Tp. HCM 
260 |b Nxb. Tp. HCM 
260 |c 1997 
650 |a asia - economic conditions,asia - economics aspects,economic geography,economics - asia,international economic relations 
980 |a Trung tâm Học liệu Trường Đại học Cần Thơ